| 000 | 00960nam0a22002411 4500 | ||
|---|---|---|---|
| 001 | rc\3061667 | ||
| 005 | 20260519105722.0 | ||
| 035 | _a(NLR Aleph) 007200323 | ||
| 090 |
_a7625021 _c7625021 |
||
| 100 | _a20111013d1940 u y0rusy50 ca | ||
| 101 | 0 | _arus | |
| 102 | _aRU | ||
| 105 | _aa z ||||| | ||
| 200 | 1 |
_aПриспособление для уборки кориандра к комбайну "Сталинец-1" _fСост. И. Фомин _gНаркомсредмаш СССР-Главсельмаш. Завод им. Сталина Ростсельмаш |
|
| 210 |
_aРостов н/Д _cРостведиздат _d1940 |
||
| 215 |
_a16 с. _cил., черт. _d20 см |
||
| 700 | 1 |
_7ca _8rus _aФомин _bИ. И. _cинженер-конструктор _gИван Иванович _92709653 _3RU\NLR\AUTH\770293782 |
|
| 801 | 0 |
_aRU _bNLR _gpsbo |
|
| 801 | 1 |
_aRU _bELAR _2rusmarc |
|
| 852 |
_aNLR _j40-10/1639 |
||
| 942 | _cBOOK | ||
| 980 | _aNB | ||